Loading...
| Fine Arts - Classical Music | 4 | 12.50 | 75% | 50% | 0% |
| Fine Arts - Other Fine Arts | 4 | 15.00 | 75% | 50% | 25% |
| Fine Arts - Visual Fine Arts | 5 | 12.00 | 100% | 20% | 0% |
| History - American History | 5 | 12.00 | 100% | 0% | 20% |
| History - European History | 5 | 10.00 | 100% | 0% | 0% |
| History - Other History | 3 | 13.33 | 100% | 33% | 0% |
| History - World History | 2 | 15.00 | 100% | 50% | 0% |
| Literature - American Literature | 4 | 12.50 | 75% | 50% | 0% |
| Literature - British Literature | 4 | 12.50 | 75% | 50% | 0% |
| Literature - European Literature | 2 | 5.00 | 50% | 0% | 0% |
| Literature - World/Other Literature | 5 | 18.00 | 100% | 60% | 20% |
| Mythology | 4 | 12.50 | 100% | 25% | 0% |
| Other Academic | 1 | 10.00 | 100% | 0% | 0% |
| Philosophy | 4 | 7.50 | 75% | 0% | 0% |
| Pop Culture | 2 | 25.00 | 100% | 100% | 50% |
| Religion | 3 | 13.33 | 100% | 33% | 0% |
| Science - Biology | 4 | 17.50 | 100% | 75% | 0% |
| Science - Chemistry | 2 | 15.00 | 50% | 100% | 0% |
| Science - Other Science | 5 | 20.00 | 100% | 80% | 20% |
| Science - Physics | 3 | 10.00 | 100% | 0% | 0% |
| Social Science | 4 | 7.50 | 75% | 0% | 0% |